000 00674nam a2200241 i 4500
001 C2-0320228
003 PPAK
005 20180728115728.0
008 121212s2012 my |||| ||||| | may d
020 _a9673681066 ; 9789673681068
040 _aPPAK
_beng
_cPPAK
_erda
082 0 4 _a297.1229
_223
090 0 0 _a297.1229
_bJUM
_dG
100 1 _aJumu'ah, Amru,
_eauthor
245 1 0 _aKeajaiban 350 ayat
264 1 _aBatu Caves, Selangor :
_bAl-Hidayah Publication ,
_c2012
300 _aiv, 346 pages ;
_c23 cm.
336 _2rdacontent
_atext
337 _2rdamedia
_aunmediated
338 _2rdacarrier
_avolume
650 1 0 _aKoran - Appreciation
942 _ddc
_cB
999 _c120926
_d120926